German cities by satellite image - Statistics

General Stats
  • This quiz has been taken 48 times
  • The average score is 7 of 10
Answer Stats
Picture Answer % Correct
Hamburg
97%
Berlin
91%
Munich
85%
Frankfurt
76%
Mannheim
73%
Bonn
70%
Stuttgart
70%
Kiel
64%
Nuremburg
58%
Hanover
55%
No matching quizzes found
Score Distribution
Percent of People with Each Score
Percentile by Number Answered
Your Score History
You have not taken this quiz